Biblioteca

La misa ha terminado. (Registro nro. 65242)

Detalles MARC
000 -LÍDER
Campo fijo de descripción fija 01236nam a2200325 i 4500
001 - NÚMERO DE CONTROL
Campo de control 768714001
003 - IDENTIFICADOR DEL NÚMERO DE CONTROL
Campo de control CO-MdFUSB
005 - FECHA Y HORA DE LA ULTIMA TRANSACCIÓN
control field 20191022092346.0
008 - ELEMENTOS DE LONGITUD FIJA -- INFORMACIÓN GENERAL
Campo fijo de descripción fija -- Información general 190923t214 ck |||| |||| 00| 0 spa d
020 ## - NÚMERO INTERNACIONAL NORMALIZADO PARA LIBROS
Número Internacional Normalizado del libro 9789588366906
040 ## - FUENTE DE CATALOGACIÓN
Agencia de catalogación original CO-MdFUSB
Idioma de catalogación spa
Agencia que realiza la transcripción CO-MdFUSB
Agencia que realiza la modificación CO-MdFUSBC
Convenciones de la descripción rda
041 ## - CÓDIGO DE IDIOMA
Código de idioma para texto/pista de sonido o título separado spa
Código de idioma original fre
082 ## - NÚMERO DE CLASIFICACIÓN DECIMAL DEWEY
Número de la edición del Dewey 23
Número de clasificación 868.9936
Clave de autor-Numero de item AL473
100 ## - ASIENTO PRINCIPAL--NOMBRE PERSONAL
Nombre personal Álvarez Gardeazábal, Gustavo.
Término relacionador autor
240 ## - TITULO UNIFORME
Título uniforme <a href="Ite missa est.">Ite missa est.</a>
245 #3 - TÍTULO
Título del Material La misa ha terminado.
Mención de responsabilidad, etc. / Gustavo Álvarez Gardeazábal.
264 #1 - PRODUCCIÓN, PUBLICACIÓN, DISTRIBUCIÓN, MANUFACTURA, Y COPYRIGHT
Lugar de producción, publicación, distribución, manufactura Colombia :
Nombre del productor, publicador, distribuidor Álvarez Gardeazábal, Gustavo.
Fecha de producción, publicación, distribución, manufactura, o copyright [2014]
264 #4 - PRODUCCIÓN, PUBLICACIÓN, DISTRIBUCIÓN, MANUFACTURA, Y COPYRIGHT
Fecha de producción, publicación, distribución, manufactura, o copyright © 2014
300 ## - DESCRIPCIÓN FÍSICA
Extensión 217 páginas
Dimensiones ; 23 cm
336 ## - TIPO DE CONTENIDO
Fuente rdacontent
Término de tipo de contenido texto
337 ## - TIPO DE MEDIO
Fuente rdamedia
Nombre del tipo de medio sin mediación
Código del tipo de medio n
338 ## - TIPO DE SOPORTE
Fuente rdacarrier
Nombre del tipo de soporte volumen
Código Tipo de soporte nc
490 ## - MENCIÓN DE SERIE
Mención de serie Tierra Baldía.
520 ## - NOTA DE RESUMEN, ETC.
Nota de sumario, etc. : Novela provocadora, irreverente y agresiva que permite mirar en perspectiva las múltiples variantes de la condición humana. Desesperada y brutal, revela con impudicia el mundo del homosexualismo entre sacerdotes, con sus aberraciones, posibilidades y tragedias.
650 #7 - ASIENTO SECUNDARIO DE MATERIA - TERMINO TEMÁTICO
Fuente del encabezamiento o término embne
9 (RLIN) 2518
Término temático o nombre geográfico como elemento de entrada Literatura colombiana
Subdivisión cronológica S.XIX
653 ## - TÉRMINO DE INDIZACIÓN - NO CONTROLADO
Término no controlado Novela Colombiana
653 ## - TÉRMINO DE INDIZACIÓN - NO CONTROLADO
Término no controlado Escritores colombianos.
942 ## - TIPO DE MATERIAL (KOHA)
Tipo de Item KOHA Libros General
945 ## - INFORMACIÓN LOCAL DEL REGISTRO
Catalogador JTF-925
Existencias
Estado de Material Estado de Perdido Forma de Clasificación Estado de Dañado No para Préstamo Colección Biblioteca de Origen Biblioteca Permanente Fecha de Adquisición Área Total de Préstamos Signatura Topográfica Código de Barras Última vez visto Ejemplar/Existencia Fecha de Remplazo Tipo de Material
    Dewey Decimal Classification     Colección General Biblioteca FUSBC Biblioteca FUSBC 23/09/2019 LITERATURA   G 868.9936 AL473m 13152 12/12/2019 Ej. 1 23/09/2019 Libros General

Biblioteca FUSBC | Teléfono: (57+4) 349 88 10 Ext. 141| WhatsApp (+57) 3005338115 
E-mail: biblioteca@unisbc.edu.co | Calle 76 87-14 Robledo Palenque, Medellín, Colombia

Con tecnología Koha